Horehronské obrazy Ondra Miháľa

Bibliographic Details
Main Author: Haviar, Štefan, 1949- (Author)
Format: Article
Language:Slovak
PhysicalDescription:Fotogr. 7
ISSN:0231-7303
Subjects:

MARC

LEADER 00000nab a2200000 a 4500
001 vtls000534404
003 SK-MaSNL
005 20260303174801.0
008 170412c1994 xo 0 slo
015 |a SNBRB19rr/mm-uuuuu 
035 |a CL0534542 
040 |a SNKBUCL  |b slo  |c SNKBUCL  |e AACR2 
041 0 |a slo 
044 |a xo  |c SK 
080 |a 77.04-051  |2 1981 
080 |a 002.6-051  |2 1981 
080 |a 929 Miháľ, Ondro  |2 1981 
100 1 |a Haviar, Štefan,  |d 1949-  |4 aut  |9 226205 
245 1 0 |a Horehronské obrazy Ondra Miháľa  |c Štefan Haviar 
300 |b Fotogr. 7 
600 1 7 |a Miháľ, Ondro  |d 1956-  |x tvorba fotografická  |2 snkbucl  |9 1202661 
655 7 |a články z novín a časopisov  |2 snkbucl  |9 267496 
773 0 |t Slovensko  |g Roč. 17, č. 6 (1994), s. 39-41  |x 0231-7303 
850 |a Slovenská národná knižnica v Martine  |a MTA001 
852 |a SNK  |b KIS3GCP 
958 |a CA 
958 |a RK 
958 |a BC 
992 |a RBX 
999 |c 2098549  |d 2100479